WWE Extreme Rules PPV Title Winners - Statistics

General Stats
  • This quiz has been taken 38 times
  • The average score is 25 of 31
Answer Stats
Year Title Won Wrestler % Correct
2011 WWE Championship John Cena
100%
2017 Raw Tag Team Cesaro
97%
2013 Tag Team Roman Reigns
97%
2017 Raw Tag Team Sheamus
97%
2017 Intercontinental The Miz
97%
2015 Tag Team Big E
93%
2019 Smackdown Tag Team Big E
93%
2019 Universal Brock Lesnar
93%
2009 World Heavyweight CM Punk
93%
2015 Tag Team Kofi Kingston
93%
2013 Tag Team Seth Rollins
93%
2019 Smackdown Tag Team Xavier Woods
93%
2011 World Heavyweight Christian
90%
2011 United States Kofi Kingston
90%
2013 United States Dean Ambrose
86%
2009 World Heavyweight Jeff Hardy
86%
2009 WWE Championship Batista
83%
2020 Smackdown Tag Team Cesaro
83%
2012 Intercontinental Cody Rhodes
83%
2018 United States Shinsuke Nakamura
83%
2019 Intercontinental Shinsuke Nakamura
83%
2020 Smackdown Tag Team Shinsuke Nakamura
83%
2009 Intercontinental Chris Jericho
72%
2012 Diva's Layla
69%
2009 ECW Championship Tommy Dreamer
66%
2014 Intercontinental Bad News Barrett
62%
2022 Smackdown Women's Ronda Rousey
62%
2019 United States AJ Styles
59%
2010 Women's Beth Phoenix
59%
2018 Raw Tag Team Curtis Axel
55%
2018 Raw Tag Team Bo Dallas
52%
No matching quizzes found
Score Distribution
Percent of People with Each Score
Percentile by Number Answered
Your Score History
You have not taken this quiz